Statistical Quality Control (Record no. 757750)

MARC details
000 -LEADER
fixed length control field 00399nam a22001457a 4500
020 ## - INTERNATIONAL STANDARD BOOK NUMBER
ISBN 9789360614645
082 ## - DEWEY DECIMAL CLASSIFICATION NUMBER
Classification number 658.532
Item number RAM.S
100 ## - MAIN ENTRY--AUTHOR NAME
Personal name Ramesh Chandra Kashyap
245 ## - TITLE STATEMENT
Title Statistical Quality Control
Statement of responsibility, etc Ramesh Chandra Kashyap
260 ## - PUBLICATION, DISTRIBUTION, ETC. (IMPRINT)
Place of publication New Delhi
Name of publisher Pinakin Publishing
Year of publication 2024
300 ## - PHYSICAL DESCRIPTION
Number of Pages 256p.
650 ## - SUBJECT ADDED ENTRY--TOPICAL TERM
Topical Term Statistics | TQM
942 ## - ADDED ENTRY ELEMENTS (KOHA)
Source of classification or shelving scheme Dewey Decimal Classification
Koha item type Book
Holdings
Withdrawn status Lost status Source of classification or shelving scheme Damaged status Not for loan Home Library Current Location Date acquired Full call number Accession Number Price effective from Koha item type
    Dewey Decimal Classification     Dept. of Statistics Dept. of Statistics 17/03/2026 658.532 RAM.S STA10935 17/03/2026 Book